Význam a osobitosti úroku v podnikateľskom prostredí bakalárska práca

Gespeichert in:
Bibliographische Detailangaben
1. Verfasser: Vavro, Daniel
Körperschaft: Fakulta podnikového manažmentu EU. Katedra podnikových financií
Weitere Verfasser: Kubranová, Magdaléna, 1956-
Format: Buch
Sprache:Slowakisch
Veröffentlicht: Bratislava 2016
Tags: Tag hinzufügen
Keine Tags, Fügen Sie das erste Tag hinzu!

MARC

LEADER 00000nbm a2200000 4500
001 0218292
005 20170308111214.4
041 0 |a slo 
044 |a SK 
245 1 0 |a Význam a osobitosti úroku v podnikateľskom prostredí  |b bakalárska práca  |c Daniel Vavro ; školiteľ: Magdaléna Kubranová 
264 1 |a Bratislava  |c 2016 
300 |a 44 s. 
100 1 |a Vavro, Daniel 
700 1 |a Kubranová, Magdaléna, 1956- 
710 2 |a Fakulta podnikového manažmentu EU. Katedra podnikových financií